White House white-out / (Record no. 1016)

MARC details
000 -LEADER
fixed length control field 01220cam a2200325 a 4500
005 - DATE AND TIME OF LATEST TRANSACTION
control field 20230828110320.0
020 ## - INTERNATIONAL STANDARD BOOK NUMBER
International Standard Book Number 9780545120487
040 ## - CATALOGING SOURCE
Original cataloging agency DLC
Transcribing agency DLC
Modifying agency DLC
Language of cataloging eng
050 00 - LIBRARY OF CONGRESS CALL NUMBER
Classification number PZ7.R8139
Item number We 2008
082 00 - DEWEY DECIMAL CLASSIFICATION NUMBER
Classification number Fic
Edition number 22
100 1# - MAIN ENTRY--PERSONAL NAME
Personal name Roy, Ron,
Dates associated with a name 1940-
245 10 - TITLE STATEMENT
Title White House white-out /
Statement of responsibility, etc. by Ron Roy ; illustrated by John Steven Gurney.
250 ## - EDITION STATEMENT
Edition statement 1st ed.
260 ## - PUBLICATION, DISTRIBUTION, ETC.
Place of publication, distribution, etc. New York :
Name of publisher, distributor, etc. Scholastic
Date of publication, distribution, etc. 2008.
300 ## - PHYSICAL DESCRIPTION
Extent 124 pages :
Other physical details illustrations ;
Dimensions 20 cm
490 0# - SERIES STATEMENT
Series statement A to Z mysteries super edition ;
500 ## - GENERAL NOTE
General note "A Stepping Stone book."
505 ## - FORMATTED CONTENTS NOTE
Formatted contents note J <br/>
520 ## - SUMMARY, ETC.
Summary, etc. When Dink, Josh, and Ruth Rose visit Washington, D.C., just before Christmas, they are inadvertently caught up in a kidnapping plot that was intended for the president's dog, but also involves the president's stepdaughter and her friend Marshall.
521 ## - TARGET AUDIENCE NOTE
Target audience note 500 <br/>
Source Lexile <br/>
521 ## - TARGET AUDIENCE NOTE
Target audience note J <br/>
Source Raz-Plus <br/>
650 #1 - SUBJECT ADDED ENTRY--TOPICAL TERM
Topical term or geographic name entry element Kidnapping
Form subdivision Fiction.
650 #1 - SUBJECT ADDED ENTRY--TOPICAL TERM
Topical term or geographic name entry element Dogs
Form subdivision Fiction.
650 #1 - SUBJECT ADDED ENTRY--TOPICAL TERM
Topical term or geographic name entry element Mystery and detective stories.
700 1# - ADDED ENTRY--PERSONAL NAME
Personal name Gurney, John Steven,
Dates associated with a name 1962-
Relator term illustrator.
906 ## - LOCAL DATA ELEMENT F, LDF (RLIN)
a 7
b cbc
c orignew
d 1
e ecip
f 20
g y-gencatlg
942 ## - ADDED ENTRY ELEMENTS (KOHA)
Source of classification or shelving scheme Dewey Decimal Classification
Koha item type Books
Suppress in OPAC No
999 ## -
-- 1016
-- 1016
Holdings
Withdrawn status Lost status Source of classification or shelving scheme Damaged status Not for loan Collection Home library Current library Shelving location Date acquired Total Checkouts Full call number Barcode Date last seen Date last checked out Price effective from Koha item type
    Dewey Decimal Classification     Juvenile Fiction Footprints International School Library Network Toul Kork Campus Footprints International School Library Network Toul Kork Campus   07/18/2023 4 ROY Fic PZ7.R8139 FISBK00256 03/25/2024 03/18/2024 07/18/2023 Books